[Event "AUTO-OPEN-875"]
[Site "http://www.queenalice.com/game.php?id=290970"]
[Date "2007.10.22"]
[Round "1"]
[White "silverado"]
[Black "lstratz"]
[Result "0-1"]
[WhiteElo "1745"]
[BlackElo "1920"]

1. e4 c5 2. d4 cxd4 3. Qxd4 Nc6 4. Qc3 e6 5. Bf4 Nf6 6. Nd2 g6 7. f3 Bg7 8. e5
Nd5 9. Qc4 Nxf4 10. Qxf4 Bxe5 11. Qe4 Bxb2 12. Rb1 Bg7 13. Ne2 d5 14. Qa4 O-O
15. h4 h6 16. Nf4 Bd7 17. Rxb7 Rb8 18. Rxb8 Qxb8 19. Bb5 Qc7 20. g3 Ra8 21. h5
g5 22. Nh3 a6 23. Nb1 Qb7 24. Bxc6 Qxb1+ 25. Kf2 Qxh1 26. Ng1 Bxc6 27. Qxc6 Bd4+
28. Ke2 Qxg1 29. Qa4 Qe3+ 30. Kd1 Bc3 0-1

[Event "AUTO-MASTER-402"]
[Site "http://www.queenalice.com/game.php?id=291294"]
[Date "2007.10.22"]
[Round "1"]
[White "lstratz"]
[Black "tratrax"]
[Result "0-1"]
[WhiteElo "1827"]
[BlackElo "1776"]

1. e4 d5 2. exd5 Qxd5 3. Nc3 Qa5 4. d4 Nf6 5. Bd3 Bf5 6. Nf3 e6 7. O-O Bb4 8.
Ne2 O-O 9. c3 Bxd3 10. Qxd3 Be7 11. Bf4 Nbd7 12. Ne5 c5 13. Rfd1 Rad8 14. Qc2
Nd5 15. Bg3 cxd4 16. Nxd4 Bf6 17. Nxd7 Rxd7 18. Rd3 Rc8 19. Qd2 e5 20. Nb3 Qb5
21. Rd1 Rcd8 22. f3 h6 23. Qe2 Nxc3 24. bxc3 Rxd3 25. Rc1 Rd1+ 26. Qxd1 Rxd1+
27. Rxd1 b6 28. Kf2 Qc6 29. Rd3 e4 30. fxe4 Bxc3 31. Ke3 f6 32. Nd4 Qc5 33. Bf2
Bxd4+ 34. Rxd4 Qa3+ 35. Rd3 Qxa2 36. Rd7 a5 37. Kf3 Qb3+ 38. Be3 a4 39. Rb7 b5
40. Rc7 a3 41. Ra7 a2 42. Kf4 Kh7 43. Bd4 Qc4 44. Ke3 b4 45. Bxf6 Kg6 46. Bd4 b3
47. g4 Qxd4+ 48. Kxd4 b2 49. Ra6+ Kh7 50. e5 b1=Q 51. e6 a1=Q+ 52. Rxa1 Qxa1+
53. Kd5 Qa8+ 54. Kd6 Qe8 0-1

[Event "AUTO-MASTER-402"]
[Site "http://www.queenalice.com/game.php?id=291295"]
[Date "2007.10.22"]
[Round "1"]
[White "tratrax"]
[Black "lstratz"]
[Result "1-0"]
[WhiteElo "1794"]
[BlackElo "1809"]

1. Nf3 d5 2. g3 Nf6 3. Bg2 Nc6 4. O-O e5 5. d3 Be6 6. a3 Bc5 7. e3 O-O 8. b4 Bb6
9. Bb2 e4 10. Nfd2 Bg4 11. Qe1 Re8 12. dxe4 dxe4 13. Nc3 Qd7 14. Ncxe4 Nxe4 15.
Nxe4 Bf5 16. Qc3 Nd4 17. exd4 Bxe4 18. d5 f6 19. Bxe4 Rxe4 20. Rae1 Rae8 21.
Rxe4 Rxe4 22. Qb3 Kf8 23. c4 c5 24. Qd3 Re8 25. Qxh7 Re2 26. Bc3 Qe7 27. Qd3 Qe4
28. Rd1 Ke8 29. b5 Kd7 30. a4 Qxd3 31. Rxd3 Re4 32. a5 Bd8 33. a6 b6 34. Bd2
Rxc4 35. f4 Bc7 36. Bc3 Re4 37. Kf2 Bd6 38. Kf3 Re7 39. h4 Ke8 40. Bd2 Kf7 41.
g4 g6 42. Be3 Rc7 43. h5 gxh5 44. gxh5 Kg7 45. Kg4 c4 46. Rc3 Bb4 47. Rc2 c3 48.
f5 Re7 49. Bf4 Rd7 50. d6 Bxd6 51. Rxc3 Bc5 52. h6+ 1-0

[Event "AUTO-MASTER-402"]
[Site "http://www.queenalice.com/game.php?id=291296"]
[Date "2007.10.22"]
[Round "1"]
[White "lstratz"]
[Black "dkfuji"]
[Result "1/2-1/2"]
[WhiteElo "1920"]
[BlackElo "2147"]

1. e4 e5 2. Nf3 Nc6 3. d4 exd4 4. Nxd4 Nf6 5. Nc3 Bb4 6. Nxc6 bxc6 7. Bg5 Bxc3+
8. bxc3 h6 9. Bh4 g5 10. Bg3 Nxe4 11. Qe2 O-O 12. Qxe4 Re8 13. Be5 d5 14. Qe3 f6
15. O-O-O Rxe5 16. Qc5 Qd6 17. Qxd6 cxd6 18. Bd3 c5 19. Rde1 c4 20. Be2 Bf5 21.
Bf3 Rd8 22. Rd1 Be4 23. Bxe4 dxe4 24. Rhe1 d5 25. Rd2 Kf7 26. Red1 1/2-1/2

[Event "AUTO-MASTER-402"]
[Site "http://www.queenalice.com/game.php?id=291297"]
[Date "2007.10.22"]
[Round "1"]
[White "dkfuji"]
[Black "lstratz"]
[Result "1-0"]
[WhiteElo "2141"]
[BlackElo "1929"]

1. e4 c5 2. Nc3 g6 3. Bc4 Bg7 4. Qf3 e6 5. Nb5 d6 6. Qg3 Be5 7. f4 Bg7 8. e5 d5
9. Nd6+ Kd7 10. Nxf7 Qf8 11. Bb5+ Kc7 12. Nxh8 Ne7 13. Nxg6 Nxg6 14. Ne2 a6 15.
Bd3 Qf7 16. O-O Nc6 17. f5 Bxe5 18. fxg6 Qg7 19. Rf7+ 1-0

[Event "AUTO-MASTER-402"]
[Site "http://www.queenalice.com/game.php?id=291298"]
[Date "2007.10.22"]
[Round "1"]
[White "lstratz"]
[Black "carloswecker"]
[Result "1/2-1/2"]
[WhiteElo "1920"]
[BlackElo "1922"]

1. e4 c5 2. c3 d5 3. exd5 Qxd5 4. d4 Nf6 5. Nf3 Bg4 6. Be2 Nc6 7. Be3 e6 8. O-O
Bd6 9. dxc5 Qxd1 10. Rxd1 Be7 11. Nbd2 O-O 12. Nc4 Rad8 13. Rxd8 Rxd8 14. Rd1
Nd5 15. Bd4 Nxd4 16. cxd4 Nf4 17. Kf1 h5 18. h3 Nxe2 19. Kxe2 Bf5 20. Nfe5 g5
21. Ke3 f6 22. Nd3 Kf7 23. Nb4 Bxc5 24. a3 Bxb4 25. axb4 Ke7 26. Na5 Rd7 27. Rc1
Kd8 28. b5 Rc7 29. Rxc7 Kxc7 30. Nc4 Bc2 31. b4 Bb3 32. b6+ axb6 33. Nd2 Bd5 34.
Ne4 Bxe4 35. Kxe4 Kc6 36. f4 g4 37. hxg4 hxg4 38. f5 exf5+ 39. Kxf5 Kd5 40. Kxf6
Kxd4 41. Kf5 g3 42. Kf4 Kc4 43. Kxg3 Kxb4 44. Kh4 Kc5 45. g4 Kd6 46. Kh5 b5 47.
g5 b4 48. g6 b3 49. g7 b2 50. g8=Q b1=Q 51. Qd8+ Kc5 52. Qc7+ Kd4 53. Qd6+ Kc3
54. Qc5+ Kd2 55. Qd4+ Kc1 56. Qe3+ 1/2-1/2

[Event "AUTO-MASTER-402"]
[Site "http://www.queenalice.com/game.php?id=291299"]
[Date "2007.10.22"]
[Round "1"]
[White "carloswecker"]
[Black "lstratz"]
[Result "1/2-1/2"]
[WhiteElo "1924"]
[BlackElo "1921"]

1. d4 d5 2. c4 c6 3. Nf3 Nf6 4. Nc3 dxc4 5. a4 Bf5 6. e3 e6 7. Bxc4 Bb4 8. O-O
Nbd7 9. Qe2 O-O 10. e4 Bg4 11. Rd1 Nb6 12. Bb3 Qe7 13. h3 Bh5 14. a5 Nbd7 15.
Bc2 Rfd8 16. Bg5 Rac8 17. Qd3 c5 18. e5 h6 19. Bxf6 Nxf6 20. exf6 Qxf6 21. Qh7+
Kf8 22. d5 Bxc3 23. Qh8+ Ke7 24. d6+ Kd7 25. Ba4+ Rc6 26. Bxc6+ bxc6 27. Qxd8+
Kxd8 28. bxc3 Bxf3 29. gxf3 Qxf3 30. Rab1 Qxh3 31. Rb8+ Kd7 32. Rb7+ Kd8 33.
Rb8+ Kd7 34. Rb7+ Kd8 1/2-1/2

[Event "AUTO-ADV-731"]
[Site "http://www.queenalice.com/game.php?id=313959"]
[Date "2007.12.2"]
[Round "1"]
[White "luizito13"]
[Black "lstratz"]
[Result "1-0"]
[WhiteElo "1869"]
[BlackElo "1937"]

1. d4 d5 2. c4 c6 3. Nf3 Nf6 4. Nc3 dxc4 5. a4 Bf5 6. e3 e6 7. Bxc4 Nbd7 8. O-O
Nb6 9. Be2 Bb4 10. Ne5 O-O 11. f3 Rc8 12. e4 Bg6 13. Bg5 h6 14. Bh4 Bh7 15. Ng4
Be7 16. Nxf6+ Bxf6 17. Bf2 Qd7 18. a5 Na8 19. Na4 Nc7 20. Nc5 Qe7 21. Nxb7 1-0

[Event "AUTO-ADV-731"]
[Site "http://www.queenalice.com/game.php?id=313975"]
[Date "2007.12.2"]
[Round "1"]
[White "third3knight"]
[Black "lstratz"]
[Result "0-1"]
[WhiteElo "1716"]
[BlackElo "1976"]

1. e4 c5 2. Nc3 g6 3. Bc4 Bg7 4. Qf3 e6 5. d3 Ne7 6. Bg5 Nbc6 7. Nge2 O-O 8. Qe3
d6 9. O-O Bd7 10. Bh6 Qc7 11. Bxg7 Kxg7 12. f4 f5 13. Nb5 Qb8 14. Rf3 a6 15.
Nbc3 b5 16. Bb3 Qc7 17. Ng3 a5 18. Nxb5 Qb8 19. c4 Na7 20. Nh5+ gxh5 21. Rg3+
Kh8 22. Qf3 Rg8 23. Rxg8+ Kxg8 24. Qxh5 Ng6 25. Nc3 Nc6 26. Nb5 Nd4 27. Nxd4
cxd4 28. exf5 exf5 29. c5+ Kg7 30. Re1 dxc5 31. Bf7 Qxb2 32. Bxg6 hxg6 33. Re7+
Kf8 34. Re1 gxh5 0-1

[Event "AUTO-ADV-731"]
[Site "http://www.queenalice.com/game.php?id=313976"]
[Date "2007.12.2"]
[Round "1"]
[White "lstratz"]
[Black "third3knight"]
[Result "0-1"]
[WhiteElo "1982"]
[BlackElo "1663"]

1. e4 e5 2. Nf3 Nf6 3. Nc3 d6 4. d4 c6 5. dxe5 Ng4 6. exd6 Bxd6 7. g3 Qb6 8. Qe2
Bc5 9. Nd1 O-O 10. Bg2 Rd8 11. O-O Qc7 12. Bf4 Qb6 13. h3 Nf6 14. Rb1 Be6 15.
Nc3 Qa6 16. Rfd1 Nbd7 17. Qxa6 bxa6 18. Rd2 Bb4 19. a3 Bxc3 20. bxc3 Nxe4 21.
Rd3 Ndc5 22. Rxd8+ Rxd8 23. Rb8 Rxb8 24. Bxb8 Nxc3 25. Bxa7 N5e4 26. Nd4 Bd5 27.
Kf1 Nd2+ 28. Kg1 Bxg2 29. Kxg2 Nb5 30. Bc5 Nxd4 31. Bxd4 f6 32. f4 Nc4 33. Bc5
Kf7 34. Kf3 Ke6 35. Ke4 Nd2+ 36. Kd3 Nf1 37. g4 g5 0-1